[Event "Schachfestival Basel 2014"]
[Site "Basel"]
[Date "2014.01.01"]
[Round "1.53"]
[White "Moos, Gerd"]
[Black "Curien, Nicolas"]
[Result "0-1"]
[WhiteElo "1967"]
[BlackElo "2205"]
[PlyCount "76"]
[EventDate "2014.??.??"]
[EventRounds "7"]
[EventCountry "SUI"]
[SourceDate "2014.01.01"]

1. d4 e6 2. c4 Bb4+ 3. Bd2 a5 4. Nf3 d6 5. e4 Nc6 6. d5 Nce7 7. Bd3 e5 8. Nc3
Nf6 9. Qc2 Ng6 10. a3 Bxc3 11. Qxc3 Bg4 12. c5 O-O 13. Bc2 Bxf3 14. Qxf3 dxc5
15. O-O Qd6 16. Rad1 a4 17. g3 Nd7 18. Qe2 Rfd8 19. f4 Qb6 20. Bc3 c6 21. d6
Re8 22. Kh1 Qd8 23. b3 axb3 24. Bxb3 b5 25. Bb2 c4 26. Bc2 f6 27. f5 Ngf8 28.
g4 Nc5 29. Rg1 Na4 30. Bxa4 Rxa4 31. Rg3 Ra7 32. Qe3 Rb7 33. g5 fxg5 34. Rxg5
Qf6 35. Qg3 Nd7 36. Rg1 Nc5 37. Bxe5 Rxe5 38. Qh4 Nxe4 0-1

[Event "Schachfestival Basel 2014"]
[Site "Basel"]
[Date "2014.01.01"]
[Round "1.54"]
[White "Vianin, Pascal"]
[Black "Stucki, Kaspar"]
[Result "1-0"]
[WhiteElo "2199"]
[BlackElo "1966"]
[PlyCount "65"]
[EventDate "2014.??.??"]
[EventRounds "7"]
[EventCountry "SUI"]
[SourceDate "2014.01.01"]

1. e4 e5 2. Nc3 Nf6 3. g3 Bc5 4. Bg2 Nc6 5. Nge2 O-O 6. O-O a6 7. h3 Ne7 8. d4
exd4 9. Nxd4 Ng6 10. Kh2 d6 11. f4 h6 12. Be3 Re8 13. Qd3 Rb8 14. Rae1 Bd7 15.
a3 b5 16. b4 Bb6 17. Nd5 Nxd5 18. exd5 Qf6 19. c3 Re7 20. Bf2 Rbe8 21. Rxe7
Rxe7 22. Nc6 Bxc6 23. dxc6 Bxf2 24. Rxf2 Ne5 25. Qd4 Nc4 26. Qxf6 gxf6 27. a4
bxa4 28. Ra2 Re3 29. Rxa4 Rxc3 30. Rxa6 Ra3 31. b5 Kf8 32. Rxa3 Nxa3 33. b6 1-0

[Event "Schachfestival Basel 2014"]
[Site "Basel"]
[Date "2014.01.01"]
[Round "1.55"]
[White "Fuerst, Martin"]
[Black "Cremer, Kevin"]
[Result "0-1"]
[WhiteElo "1951"]
[BlackElo "2177"]
[PlyCount "86"]
[EventDate "2014.??.??"]
[EventRounds "7"]
[EventCountry "SUI"]
[SourceDate "2014.01.01"]

1. d4 e6 2. c4 b6 3. Nc3 Bb7 4. Nf3 Bb4 5. e3 f5 6. Be2 Nf6 7. O-O O-O 8. Ne5
d6 9. Bf3 Ne4 10. Nd3 Bxc3 11. bxc3 Rf6 12. Bxe4 fxe4 13. Ne1 Ba6 14. f4 Bxc4
15. Rf2 Qe8 16. Qc2 Qc6 17. Ba3 Qd5 18. Rd1 Nc6 19. Bc1 a5 20. Rdd2 Raf8 21. a3
Bb3 22. Qb2 a4 23. Nc2 Na5 24. Rde2 Nc4 25. Qb1 Qa5 26. Bb2 Bxc2 27. Qxc2 Qa8
28. Bc1 Rf5 29. Qa2 Qc6 30. Rb2 Nxb2 31. Qxe6+ Kh8 32. Bxb2 R5f6 33. Qa2 d5 34.
Rc2 b5 35. Bc1 g5 36. g3 Qe6 37. Rg2 Qc6 38. Bd2 gxf4 39. gxf4 Rg6 40. Rg3
Rxg3+ 41. hxg3 Qc4 42. Qb2 Qe2 43. Bc1 Qe1+ 0-1

[Event "Schachfestival Basel 2014"]
[Site "Basel"]
[Date "2014.01.01"]
[Round "1.56"]
[White "Haener, Philippe"]
[Black "Weidt, Frank"]
[Result "1-0"]
[WhiteElo "2169"]
[BlackElo "1938"]
[PlyCount "39"]
[EventDate "2014.??.??"]
[EventRounds "7"]
[EventCountry "SUI"]
[SourceDate "2014.01.01"]

1. d4 Nf6 2. c4 e6 3. g3 d5 4. Nf3 c6 5. Bg2 dxc4 6. Ne5 Bb4+ 7. Nc3 Nd5 8. Bd2
b5 9. O-O Bxc3 10. bxc3 Bb7 11. Rb1 Qc8 12. e4 Nb6 13. Qg4 g6 14. Qf3 Qc7 15.
Qf6 Rg8 16. Bg5 Na6 17. Bh3 Nc8 18. Nxf7 h6 19. Qxe6+ Ne7 20. Nd6+ 1-0

[Event "Schachfestival Basel 2014"]
[Site "Basel"]
[Date "2014.01.01"]
[Round "1.57"]
[White "Engesser, Jonas"]
[Black "Seidler, Lukas"]
[Result "1-0"]
[WhiteElo "1847"]
[BlackElo "2168"]
[PlyCount "45"]
[EventDate "2014.??.??"]
[EventRounds "7"]
[EventCountry "SUI"]
[SourceDate "2014.01.01"]

1. e4 c5 2. Nf3 d6 3. d4 cxd4 4. Nxd4 Nf6 5. Nc3 a6 6. Bc4 e6 7. Bb3 b5 8. Bg5
Nbd7 9. O-O Nc5 10. Qe2 Bb7 11. Rad1 Qc7 12. Rfe1 O-O-O 13. f3 h6 14. Be3 d5
15. exd5 Nxd5 16. Nxd5 Bxd5 17. c4 Nxb3 18. cxd5 Nxd4 19. Bxd4 Rxd5 20. Rc1 Bc5
21. Bxc5 Rxc5 22. Qe3 Rc4 23. b3 1-0

[Event "Schachfestival Basel 2014"]
[Site "Basel"]
[Date "2014.01.02"]
[Round "2.1"]
[White "Stets, Dmitry"]
[Black "Wojtaszek, Radoslaw"]
[Result "0-1"]
[WhiteElo "2410"]
[BlackElo "2711"]
[PlyCount "46"]
[EventDate "2014.??.??"]
[EventRounds "7"]
[EventCountry "SUI"]
[SourceDate "2014.01.01"]

1. e4 c5 2. Nf3 d6 3. d4 cxd4 4. Nxd4 Nf6 5. Nc3 a6 6. Be3 e5 7. Nb3 Be6 8. Qd2
Nbd7 9. O-O-O Be7 10. f4 b5 11. Kb1 Rc8 12. f5 Bc4 13. Rg1 h5 14. Bxc4 bxc4 15.
Nc1 Qc7 16. Rge1 Qb7 17. Bg5 Rb8 18. b3 O-O 19. Bxf6 Nxf6 20. Nd5 Nxd5 21. exd5
Rfc8 22. Re4 Qc7 23. g4 Bg5 0-1

[Event "Schachfestival Basel 2014"]
[Site "Basel"]
[Date "2014.01.02"]
[Round "2.2"]
[White "Rodshtein, Maxim"]
[Black "Kurayan, Ruslan"]
[Result "1-0"]
[WhiteElo "2682"]
[BlackElo "2411"]
[PlyCount "47"]
[EventDate "2014.??.??"]
[EventRounds "7"]
[EventCountry "SUI"]
[SourceDate "2014.01.01"]

1. d4 Nf6 2. c4 g6 3. Nc3 Bg7 4. e4 d6 5. Be2 O-O 6. Bg5 c5 7. d5 h6 8. Be3 e6
9. dxe6 Bxe6 10. Qd2 Kh7 11. h3 Nc6 12. Nf3 Qb6 13. O-O Nd7 14. Rad1 Rad8 15.
Qc1 Nde5 16. Nxe5 dxe5 17. Na4 Qa5 18. Nxc5 Qxa2 19. Nxe6 fxe6 20. Bg4 Nd4 21.
Bxd4 Rxd4 22. Bxe6 Rxe4 23. Qc2 Rff4 24. g3 1-0

[Event "Schachfestival Basel 2014"]
[Site "Basel"]
[Date "2014.01.02"]
[Round "2.3"]
[White "Istratescu, Andrei"]
[Black "Zude, Erik"]
[Result "1-0"]
[WhiteElo "2677"]
[BlackElo "2366"]
[PlyCount "63"]
[EventDate "2014.??.??"]
[EventRounds "7"]
[EventCountry "SUI"]
[SourceDate "2014.01.01"]

1. d4 d6 2. e4 Nf6 3. f3 e5 4. Ne2 Be7 5. Be3 O-O 6. c4 c6 7. Nbc3 Nbd7 8. d5
cxd5 9. cxd5 h5 10. Qd2 a6 11. Nc1 Ne8 12. a4 g6 13. a5 Ng7 14. Bd3 f5 15. exf5
gxf5 16. Nb3 Rf6 17. f4 Rg6 18. Na4 Kh8 19. O-O-O Qg8 20. Bc2 Rb8 21. Kb1 Bf6
22. g3 Bd8 23. Ba7 Ra8 24. Bf2 Rb8 25. Rhe1 e4 26. Qb4 b5 27. axb6 Bb7 28. Qd2
Nf6 29. Na5 Bxd5 30. Nc3 Be6 31. Nc6 Bxb6 32. Ne7 1-0

[Event "Schachfestival Basel 2014"]
[Site "Basel"]
[Date "2014.01.02"]
[Round "2.4"]
[White "Lerch, Patrice"]
[Black "Grachev, Boris"]
[Result "0-1"]
[WhiteElo "2383"]
[BlackElo "2668"]
[PlyCount "120"]
[EventDate "2014.??.??"]
[EventRounds "7"]
[EventCountry "SUI"]
[SourceDate "2014.01.01"]

1. e4 c5 2. Nc3 a6 3. g3 b5 4. Bg2 Bb7 5. Nh3 e6 6. O-O d6 7. d3 Nd7 8. f4 b4
9. Na4 Ngf6 10. c3 bxc3 11. bxc3 c4 12. Nf2 cxd3 13. c4 Qc7 14. Be3 Be7 15. Rb1
Bc6 16. Nb6 Nxb6 17. Rxb6 e5 18. Nxd3 Nd7 19. Rb1 a5 20. Qg4 O-O 21. fxe5 Nxe5
22. Nxe5 dxe5 23. Bb6 Qd6 24. Qe2 Qe6 25. h4 Bb7 26. Kh2 Ba6 27. Rfc1 Rfb8 28.
Qf2 Ba3 29. Rc2 Qc6 30. Rb3 a4 31. Rxa3 Rxb6 32. Qd2 h6 33. Qa5 Bxc4 34. Qxe5
Qb5 35. Qxb5 Bxb5 36. Rc7 Be8 37. Bf1 Rb2+ 38. Kh3 Rd8 39. Bc4 h5 40. g4 hxg4+
41. Kxg4 Rg2+ 42. Rg3 Bd7+ 43. Kf4 Rh2 44. Rd3 Rxh4+ 45. Kg5 Rg4+ 46. Kh5 Rxe4
47. Bxf7+ Kxf7 48. Rdxd7+ Rxd7 49. Rxd7+ Kf6 50. Rd6+ Kf5 51. Rd5+ Re5 52. Rd4
Re2 53. Rd5+ Ke4 54. Rg5 Rxa2 55. Rg4+ Kf3 56. Rc4 a3 57. Rc3+ Ke4 58. Rh3 Kf4
59. Rh4+ Kf5 60. Rh3 Rf2 0-1

[Event "Schachfestival Basel 2014"]
[Site "Basel"]
[Date "2014.01.02"]
[Round "2.5"]
[White "Bartel, Mateusz"]
[Black "Toth, Bela"]
[Result "1-0"]
[WhiteElo "2649"]
[BlackElo "2358"]
[PlyCount "65"]
[EventDate "2014.??.??"]
[EventRounds "7"]
[EventCountry "SUI"]
[SourceDate "2014.01.01"]

1. e4 e5 2. Nf3 Nf6 3. Nxe5 d6 4. Nf3 Nxe4 5. Nc3 Nxc3 6. dxc3 Be7 7. Bf4 O-O
8. Qd2 Nd7 9. O-O-O Nc5 10. Be3 Re8 11. Bc4 Be6 12. Bxe6 Nxe6 13. h4 Qd7 14.
Qd3 Qc6 15. Qf5 g6 16. Qh3 Bf6 17. h5 Nf8 18. Nh2 Bg7 19. Ng4 Qc4 20. Kb1 f5
21. Nh6+ Bxh6 22. Bxh6 Qg4 23. Qd3 Qe4 24. hxg6 Nxg6 25. Qh3 Qg4 26. Qh2 Re7
27. f3 Qc4 28. Bg5 Rf7 29. Rhe1 Qc6 30. Re6 Nf8 31. Rh6 Re8 32. Bf6 Qd5 33.
Qg3+ 1-0

[Event "Schachfestival Basel 2014"]
[Site "Basel"]
[Date "2014.01.02"]
[Round "2.6"]
[White "Reinhart, Emmanuel"]
[Black "Popov, Ivan"]
[Result "0-1"]
[WhiteElo "2343"]
[BlackElo "2644"]
[PlyCount "72"]
[EventDate "2014.??.??"]
[EventRounds "7"]
[EventCountry "SUI"]
[SourceDate "2014.01.01"]

1. e4 c5 2. Nf3 d6 3. d4 cxd4 4. Nxd4 Nf6 5. Nc3 a6 6. Be2 g6 7. Be3 Bg7 8. O-O
O-O 9. Nb3 Nc6 10. f4 Be6 11. Bf3 Nd7 12. Nd4 Qb6 13. Na4 Bxd4 14. Nxb6 Bxe3+
15. Kh1 Bxb6 16. c3 Nf6 17. Qe2 Rfd8 18. f5 Bd7 19. g4 Ne5 20. g5 Bb5 21. Qg2
Bxf1 22. Rxf1 Ne8 23. Bd1 Nc4 24. Bb3 d5 25. Qh3 Nd2 26. fxg6 hxg6 27. Rf4 Bc7
28. Rh4 Be5 29. Bxd5 Nc7 30. Qd3 e6 31. c4 Nxc4 32. Qxc4 exd5 33. exd5 Nxd5 34.
Qb3 Nf4 35. Rg4 Rac8 36. Rg1 Rd2 0-1

[Event "Schachfestival Basel 2014"]
[Site "Basel"]
[Date "2014.01.02"]
[Round "2.7"]
[White "Kovalenko, Igor"]
[Black "Bogdanovich, Grigory"]
[Result "1-0"]
[WhiteElo "2643"]
[BlackElo "2341"]
[PlyCount "73"]
[EventDate "2014.??.??"]
[EventRounds "7"]
[EventCountry "SUI"]
[SourceDate "2014.01.01"]

1. d4 b6 2. e4 Bb7 3. Nc3 e6 4. Bd3 Nf6 5. Nge2 d5 6. e5 Nfd7 7. Nf4 Qe7 8. Nb5
Kd8 9. O-O a6 10. Na3 b5 11. c3 Nb6 12. Qg4 N8d7 13. Nh5 f5 14. exf6 Nxf6 15.
Qe2 Qf7 16. Nf4 Bc8 17. Nc2 Bd6 18. Nh3 Re8 19. Ng5 Qg8 20. f4 Bd7 21. b3 Kc8
22. a4 bxa4 23. Bxa6+ Kd8 24. bxa4 Nxa4 25. Bd2 Nb6 26. Bd3 Rxa1 27. Rxa1 g6
28. Rf1 Nc8 29. Nf3 Re7 30. Ne5 Be8 31. Be1 Rg7 32. Bh4 Be7 33. Nb4 Nh5 34.
Nbc6+ Bxc6 35. Nxc6+ Ke8 36. Nxe7 Nxe7 37. Qe5 1-0

[Event "Schachfestival Basel 2014"]
[Site "Basel"]
[Date "2014.01.02"]
[Round "2.8"]
[White "Vulevic, Vjekoslav"]
[Black "Van Kampen, Robin Oscar"]
[Result "0-1"]
[WhiteElo "2341"]
[BlackElo "2601"]
[PlyCount "48"]
[EventDate "2014.??.??"]
[EventRounds "7"]
[EventCountry "SUI"]
[SourceDate "2014.01.01"]

1. e4 c5 2. Nf3 d6 3. Bb5+ Nc6 4. Bxc6+ bxc6 5. O-O e5 6. d3 Be7 7. Nfd2 Nf6 8.
Nc4 Be6 9. Nba3 O-O 10. b3 Nd7 11. Ne3 g6 12. Nac4 d5 13. Nd2 f5 14. c4 d4 15.
Nc2 f4 16. a4 g5 17. f3 h5 18. Ba3 a5 19. Re1 g4 20. Nf1 gxf3 21. gxf3 Kh7 22.
Re2 Rg8+ 23. Kh1 Bh3 24. Nd2 Rg6 0-1

[Event "Schachfestival Basel 2014"]
[Site "Basel"]
[Date "2014.01.02"]
[Round "2.9"]
[White "Mareco, Sandro"]
[Black "Ben Arzi, Ido"]
[Result "1-0"]
[WhiteElo "2581"]
[BlackElo "2341"]
[PlyCount "75"]
[EventDate "2014.??.??"]
[EventRounds "7"]
[EventCountry "SUI"]
[SourceDate "2014.01.01"]

1. e4 d6 2. d4 Nf6 3. Nc3 g6 4. Bg5 Bg7 5. Qd2 c6 6. O-O-O b5 7. f3 Nbd7 8. Bh6
Bxh6 9. Qxh6 b4 10. Nce2 Qa5 11. Kb1 Ba6 12. Nh3 O-O-O 13. Nc1 Bxf1 14. Rhxf1
c5 15. dxc5 dxc5 16. Rfe1 c4 17. Ng5 Rhf8 18. f4 e5 19. Nf3 Qc7 20. Qh3 Kb8 21.
Qh4 exf4 22. e5 Nh5 23. e6 fxe6 24. Nd4 Ng7 25. Rxe6 Nxe6 26. Nxe6 Qc8 27. Rd4
h5 28. Qg5 Rde8 29. Nxf8 Rxf8 30. Qxg6 Qc7 31. Qg7 Rd8 32. Qe7 a5 33. Rxc4 Qxc4
34. Qxd8+ Qc8 35. Qxa5 Qb7 36. Nd3 Kc8 37. Qxb4 Qxg2 38. Qxf4 1-0

[Event "Schachfestival Basel 2014"]
[Site "Basel"]
[Date "2014.01.02"]
[Round "2.10"]
[White "Fier, Alexandr"]
[Black "Bartel, Marta"]
[Result "1-0"]
[WhiteElo "2572"]
[BlackElo "2306"]
[PlyCount "65"]
[EventDate "2014.??.??"]
[EventRounds "7"]
[EventCountry "SUI"]
[SourceDate "2014.01.01"]

1. e4 c5 2. Nf3 e6 3. d4 cxd4 4. Nxd4 Nc6 5. Nc3 Qc7 6. Be3 a6 7. Qd2 Nf6 8.
O-O-O Be7 9. f3 b5 10. g4 Bb7 11. Nxc6 Qxc6 12. g5 Nh5 13. Bh3 Rc8 14. Bg4 g6
15. Bxh5 gxh5 16. Kb1 b4 17. Ne2 d5 18. Ng3 dxe4 19. Nxe4 Rd8 20. Qc1 Qb5 21.
b3 Bxe4 22. fxe4 O-O 23. Bd4 Rxd4 24. Rxd4 Qe5 25. Rd7 Bc5 26. Rf1 Qxe4 27. Qd1
Qg2 28. h4 Qc6 29. Rf4 e5 30. Rc4 Qb6 31. Qd5 Bd4 32. Rc8 Qg6 33. Rdd8 1-0

[Event "Schachfestival Basel 2014"]
[Site "Basel"]
[Date "2014.01.02"]
[Round "2.11"]
[White "Faibisovich, Vadim Z"]
[Black "Sengupta, Deep"]
[Result "0-1"]
[WhiteElo "2337"]
[BlackElo "2570"]
[PlyCount "102"]
[EventDate "2014.??.??"]
[EventRounds "7"]
[EventCountry "SUI"]
[SourceDate "2014.01.01"]

1. e4 e6 2. d4 d5 3. Nd2 Nf6 4. Bd3 c5 5. e5 Nfd7 6. c3 Nc6 7. Ne2 a5 8. O-O a4
9. Nf3 a3 10. bxa3 c4 11. Bb1 Nb6 12. Ne1 Bd7 13. Nc2 Na7 14. Nb4 Nb5 15. Bc2
Nxa3 16. Bxa3 Rxa3 17. Qb1 Ra7 18. f4 g6 19. Qb2 Ba4 20. Rfb1 Be7 21. Bxa4+
Nxa4 22. Qd2 O-O 23. a3 Qc7 24. Rf1 Rfa8 25. g4 Nb6 26. Qb2 Nd7 27. f5 Ra4 28.
fxe6 fxe6 29. Nf4 Qb6 30. Kg2 Nf8 31. Nh3 Qd8 32. Nc2 R4a7 33. Qc1 g5 34. Qb2
Qe8 35. Nb4 Qg6 36. Nf2 Qh6 37. Nc2 Ng6 38. Ne3 Nf4+ 39. Kh1 Qg6 40. a4 Bd8 41.
Ng2 Nxg2 42. Kxg2 Ba5 43. Qd2 Rf8 44. Nh3 Rxf1 45. Rxf1 Bd8 46. Qf2 Qe8 47. Qd2
Qxa4 48. Nxg5 Qa2 49. Nf3 Qxd2+ 50. Nxd2 Ra2 51. Rf2 Bh4 0-1

[Event "Schachfestival Basel 2014"]
[Site "Basel"]
[Date "2014.01.02"]
[Round "2.12"]
[White "Sethuraman, SP."]
[Black "Maisuradze, Nino"]
[Result "1-0"]
[WhiteElo "2553"]
[BlackElo "2279"]
[PlyCount "41"]
[EventDate "2014.??.??"]
[EventRounds "7"]
[EventCountry "SUI"]
[SourceDate "2014.01.01"]

1. d4 d5 2. c4 dxc4 3. Nf3 c6 4. e3 Be6 5. Nc3 b5 6. a4 b4 7. Ne4 Bd5 8. Ned2
c3 9. bxc3 bxc3 10. Nb1 e6 11. Nxc3 Bb4 12. Bd2 Nd7 13. Rb1 Bxf3 14. Qxf3 c5
15. Rxb4 cxb4 16. Nb5 f5 17. Qxa8 Qxa8 18. Nc7+ Kd8 19. Nxa8 Kc8 20. Bxb4 Kb7
21. Bc4 1-0

[Event "Schachfestival Basel 2014"]
[Site "Basel"]
[Date "2014.01.02"]
[Round "2.13"]
[White "Yankelevich, Lev"]
[Black "Andersson, Ulf"]
[Result "0-1"]
[WhiteElo "2250"]
[BlackElo "2546"]
[PlyCount "80"]
[EventDate "2014.??.??"]
[EventRounds "7"]
[EventCountry "SUI"]
[SourceDate "2014.01.01"]

1. e4 e6 2. d4 d5 3. Nc3 Bb4 4. exd5 exd5 5. Bd3 Nf6 6. Nge2 Nbd7 7. O-O O-O 8.
Nf4 c6 9. Nce2 Re8 10. Ng3 Nf8 11. c3 Bd6 12. Qc2 Bd7 13. h3 Rc8 14. Bd2 Ng6
15. Nfe2 c5 16. dxc5 Bxc5 17. Rae1 Ne5 18. Bf5 Bxf5 19. Qxf5 g6 20. Qb1 Ne4 21.
Bf4 Nc4 22. Nxe4 dxe4 23. Ng3 e3 24. Rd1 Qh4 25. fxe3 Bxe3+ 26. Bxe3 Nxe3 27.
Nh1 Nxf1 28. Rxf1 Rcd8 29. Qc2 Re1 30. Nf2 Rxf1+ 31. Kxf1 Qf4 32. Ke2 Re8+ 33.
Kd1 Re6 34. Qd2 Rd6 35. Nd3 Qc4 36. Kc2 Qxa2 37. Qf4 Qd5 38. Qe3 Qxg2+ 39. Kb1
Qd5 40. Qe8+ Kg7 0-1

[Event "Schachfestival Basel 2014"]
[Site "Basel"]
[Date "2014.01.02"]
[Round "2.14"]
[White "Mozharov, Mikhail"]
[Black "Hess, Christian"]
[Result "1-0"]
[WhiteElo "2535"]
[BlackElo "2233"]
[PlyCount "81"]
[EventDate "2014.??.??"]
[EventRounds "7"]
[EventCountry "SUI"]
[SourceDate "2014.01.01"]

1. e4 c6 2. d4 d5 3. e5 Bf5 4. h4 h6 5. g4 Be4 6. f3 Bh7 7. e6 Qd6 8. exf7+
Kxf7 9. f4 Nf6 10. Nf3 Nxg4 11. h5 Nd7 12. Nc3 e6 13. Bd3 Be7 14. Bxh7 Rxh7 15.
Qd3 Kg8 16. Qg6 Ngf6 17. Ne5 Rf8 18. Be3 Ne4 19. Nxe4 dxe4 20. O-O-O Nf6 21.
Rdg1 Nd5 22. Qxe4 Rf5 23. Kb1 Nf6 24. Qf3 Qd5 25. Qd1 Qe4 26. Bc1 Bd6 27. Re1
Qg2 28. c4 Bb4 29. Re2 Qg3 30. Nd3 Bf8 31. Re3 Qg4 32. Qxg4 Nxg4 33. Rxe6 Kf7
34. Re2 g6 35. hxg6+ Kxg6 36. Rg2 h5 37. Ne5+ Kg7 38. Nxg4 hxg4 39. Rxg4+ Kh8
40. Rxh7+ Kxh7 41. Kc2 1-0

[Event "Schachfestival Basel 2014"]
[Site "Basel"]
[Date "2014.01.02"]
[Round "2.15"]
[White "Xheladini, Mahmut"]
[Black "El Debs, Felipe de Cresce"]
[Result "1/2-1/2"]
[WhiteElo "2232"]
[BlackElo "2520"]
[PlyCount "25"]
[EventDate "2014.??.??"]
[EventRounds "7"]
[EventCountry "SUI"]
[SourceDate "2014.01.01"]

1. e4 c5 2. Nf3 Nc6 3. Nc3 g6 4. Bc4 Bg7 5. O-O e6 6. Re1 Nge7 7. a4 O-O 8. d3
b6 9. Bd2 Bb7 10. Qe2 d5 11. exd5 exd5 12. Bb3 Re8 13. Nxd5 1/2-1/2

[Event "Schachfestival Basel 2014"]
[Site "Basel"]
[Date "2014.01.02"]
[Round "2.16"]
[White "Heimann, Andreas"]
[Black "Andersen, Alf Roger"]
[Result "1-0"]
[WhiteElo "2511"]
[BlackElo "2232"]
[PlyCount "75"]
[EventDate "2014.??.??"]
[EventRounds "7"]
[EventCountry "SUI"]
[SourceDate "2014.01.01"]

1. d4 f5 2. g3 Nf6 3. Bg2 g6 4. c3 d6 5. Nh3 Nc6 6. d5 Ne5 7. Ng5 h6 8. Ne6
Bxe6 9. dxe6 c6 10. Qb3 Ne4 11. Be3 Qc8 12. Na3 Bg7 13. h3 d5 14. f4 Nxg3 15.
Rg1 Qxe6 16. fxe5 Bxe5 17. Bf3 f4 18. Bf2 O-O 19. O-O-O Kh7 20. c4 dxc4 21.
Nxc4 Bc7 22. Kb1 Rfd8 23. Qxb7 Rxd1+ 24. Rxd1 Rc8 25. Qb3 Rb8 26. Qc2 Qxh3 27.
Bxa7 Rd8 28. Rxd8 Bxd8 29. a4 h5 30. Ne5 Qf5 31. Qxf5 Nxf5 32. Nxc6 Bc7 33. a5
h4 34. a6 h3 35. Bg1 Bb6 36. Bxb6 h2 37. a7 Nh4 38. Bh1 1-0

[Event "Schachfestival Basel 2014"]
[Site "Basel"]
[Date "2014.01.02"]
[Round "2.17"]
[White "Zenker, Ulrich"]
[Black "Popilski, Gil"]
[Result "0-1"]
[WhiteElo "2217"]
[BlackElo "2490"]
[PlyCount "66"]
[EventDate "2014.??.??"]
[EventRounds "7"]
[EventCountry "SUI"]
[SourceDate "2014.01.01"]

1. e4 c5 2. c3 d5 3. d3 Nc6 4. Nf3 e5 5. exd5 Qxd5 6. Be2 Nf6 7. O-O Be7 8.
Nbd2 O-O 9. Re1 Re8 10. Ne4 h6 11. Ng3 Be6 12. h3 Rad8 13. Qa4 Qd7 14. Qc2 Bf8
15. Bf1 Bd5 16. Nd2 Nh7 17. a3 Qc7 18. Nc4 b5 19. Ne3 Be6 20. b4 cxb4 21. axb4
Rc8 22. Qe2 Ne7 23. Ne4 Ng6 24. Ba3 Nf4 25. Qb2 Qb7 26. Nc5 Bxc5 27. bxc5 Bxh3
28. gxh3 Ng5 29. Bg2 Nf3+ 30. Kf1 Re6 31. Qb4 Rg6 32. Re2 Rxg2 33. Nxg2 Nh2+
0-1

[Event "Schachfestival Basel 2014"]
[Site "Basel"]
[Date "2014.01.02"]
[Round "2.18"]
[White "Kopylov, Michael"]
[Black "Hagesaether, Ellen"]
[Result "1-0"]
[WhiteElo "2455"]
[BlackElo "2216"]
[PlyCount "151"]
[EventDate "2014.??.??"]
[EventRounds "7"]
[EventCountry "SUI"]
[SourceDate "2014.01.01"]

1. e4 e5 2. Nf3 Nc6 3. d4 exd4 4. Nxd4 Nf6 5. Nxc6 bxc6 6. e5 Qe7 7. Qe2 Nd5 8.
c4 Ba6 9. b3 g6 10. g3 Bg7 11. Bb2 O-O 12. Bg2 Rae8 13. O-O Bxe5 14. Bxe5 Qxe5
15. Qxe5 Rxe5 16. cxd5 Bxf1 17. Kxf1 cxd5 18. Nc3 c6 19. Rd1 Rb8 20. Bf3 Kf8
21. Rd4 a5 22. Ra4 Ra8 23. Ne2 Ree8 24. Ke1 Reb8 25. Nc3 Rb4 26. Ra3 f5 27. Kd2
h5 28. h4 f4 29. Ne2 fxg3 30. fxg3 Kg7 31. Nf4 d6 32. Be2 Kh6 33. Nd3 Rbb8 34.
Ra4 Re8 35. Bf3 Rf8 36. Nf4 Rfb8 37. Nd3 Rf8 38. Ke3 Ra7 39. Nf4 Rb8 40. Bd1
Rb4 41. Ra3 Re4+ 42. Kd2 g5 43. hxg5+ Kxg5 44. Bf3 Ree7 45. Ra4 Rh7 46. Ke3 Rh6
47. Bd1 h4 48. gxh4+ Kf5 49. h5 Rh8 50. Kf3 Rb8 51. a3 Re8 52. Nh3 Re1 53. Bc2+
Ke5 54. h6 Rf7+ 55. Kg4 Re2 56. h7 Rg2+ 57. Kh5 Rf8 58. Nf4 Rh2+ 59. Kg5 Rb8
60. Ng6+ Ke6 61. Bf5+ Kf7 62. h8=Q Rhxh8 63. Nxh8+ Rxh8 64. Rxa5 Rg8+ 65. Kf4
Rb8 66. b4 Rb6 67. Kg5 Rb7 68. Ra6 c5 69. bxc5 dxc5 70. Rh6 Rb3 71. Rh7+ Ke8
72. Kf6 Kd8 73. a4 Rb6+ 74. Ke5 Ra6 75. Rd7+ Ke8 76. Rxd5 1-0

[Event "Schachfestival Basel 2014"]
[Site "Basel"]
[Date "2014.01.02"]
[Round "2.19"]
[White "Bhend, Edwin"]
[Black "Dann, Matthias"]
[Result "0-1"]
[WhiteElo "2211"]
[BlackElo "2443"]
[PlyCount "98"]
[EventDate "2014.??.??"]
[EventRounds "7"]
[EventCountry "SUI"]
[SourceDate "2014.01.01"]

1. b3 Nf6 2. Bb2 g6 3. e3 Bg7 4. Nf3 O-O 5. c4 c5 6. Be2 Nc6 7. O-O b6 8. d4
cxd4 9. Nxd4 Bb7 10. Nd2 Rc8 11. Bf3 Qc7 12. Nxc6 Bxc6 13. Rc1 Ng4 14. Bxg4
Bxb2 15. Rc2 Be5 16. g3 Rfd8 17. Qe2 e6 18. Bf3 Bg7 19. Rfc1 d6 20. Bxc6 Qxc6
21. Qf3 Qc5 22. Ne4 Qe5 23. Nc3 Rd7 24. h4 h6 25. Kg2 Qa5 26. Ne4 Qe5 27. Nc3
a6 28. Na4 Qa5 29. Qe2 Rdc7 30. Qd3 b5 31. Nb2 Qxa2 32. Na4 Qa3 33. Nb6 Rb8 34.
c5 dxc5 35. Qd6 Rcb7 36. Nd7 Rd8 37. Qxc5 Qxb3 38. Rd2 Rbb8 39. Qe7 Re8 40. Qd6
Rbd8 41. Qxa6 Qa4 42. Qd6 b4 43. Rc7 b3 44. Qb6 b2 45. Rb7 Qc4 46. Kh2 Qc1 47.
Rd6 Ra8 48. Qb5 Rec8 49. Rxe6 b1=Q 0-1

[Event "Schachfestival Basel 2014"]
[Site "Basel"]
[Date "2014.01.02"]
[Round "2.20"]
[White "Brunner, Nicolas"]
[Black "Schaack, Harry"]
[Result "1-0"]
[WhiteElo "2441"]
[BlackElo "2211"]
[PlyCount "83"]
[EventDate "2014.??.??"]
[EventRounds "7"]
[EventCountry "SUI"]
[SourceDate "2014.01.01"]

1. d4 Nf6 2. c4 c5 3. d5 b5 4. cxb5 a6 5. bxa6 g6 6. Nc3 Bxa6 7. Nf3 d6 8. g3
Bg7 9. Bg2 O-O 10. O-O Nbd7 11. Rb1 Qa5 12. Bd2 Bb7 13. Ne1 Nb6 14. Nc2 Qa7 15.
Ne3 Rfd8 16. b3 e6 17. dxe6 fxe6 18. a4 Bxg2 19. Nxg2 Qd7 20. e4 d5 21. exd5
exd5 22. Qf3 c4 23. Be3 d4 24. Rfd1 Ng4 25. bxc4 Nxc4 26. Qe2 Qc8 27. Nb5 Rxa4
28. Bxd4 Bxd4 29. Nxd4 Nce5 30. Nf3 Re8 31. Nxe5 Nxe5 32. Rb5 Qc3 33. Kh1 Ra1
34. Rbb1 Rxb1 35. Rxb1 Rc8 36. Re1 Nd3 37. Rd1 Nb2 38. Qe6+ Kh8 39. Rd7 Nd3 40.
Rxd3 Qa1+ 41. Ne1 Qa8+ 42. Qd5 1-0

[Event "Schachfestival Basel 2014"]
[Site "Basel"]
[Date "2014.01.02"]
[Round "2.21"]
[White "Curien, Nicolas"]
[Black "Hort, Vlastimil"]
[Result "1/2-1/2"]
[WhiteElo "2205"]
[BlackElo "2439"]
[PlyCount "95"]
[EventDate "2014.??.??"]
[EventRounds "7"]
[EventCountry "SUI"]
[SourceDate "2014.01.01"]

1. d4 d6 2. e4 g6 3. Nc3 Bg7 4. Be3 a6 5. a4 b6 6. Nf3 Bb7 7. Bc4 e6 8. Bg5 Ne7
9. O-O h6 10. Bh4 Nd7 11. Re1 O-O 12. Qd2 g5 13. Bg3 Ng6 14. h3 Qe7 15. d5 Nde5
16. Nxe5 Bxe5 17. Bxe5 Nxe5 18. Bb3 Qf6 19. Ne2 Ng6 20. Nd4 e5 21. Nf5 Ne7 22.
Ng3 Qg6 23. a5 h5 24. c4 h4 25. Nf1 Bc8 26. Bc2 f5 27. Ra3 fxe4 28. Bxe4 Bf5
29. Qc2 Bxe4 30. Qxe4 Rf4 31. Qxg6+ Nxg6 32. Ne3 Rb8 33. Rb3 Rff8 34. axb6 cxb6
35. g3 Kg7 36. Kg2 Kf6 37. Nf1 Ne7 38. Nd2 Nf5 39. Ne4+ Ke7 40. Nxg5 hxg3 41.
fxg3 b5 42. cxb5 Nd4 43. Rd3 Rxb5 44. Rxd4 Rxb2+ 45. Kg1 Rff2 46. Rd3 Rg2+ 47.
Kh1 Rh2+ 48. Kg1 1/2-1/2